书目信息 |
| 题名: |
离散数学导学
|
|
| 作者: | 辛普森, 著 ;冯速 译 | |
| 分册: | ||
| 出版信息: | 北京 机械工业出版社 2005.01 |
|
| 页数: | 228页 | |
| 开本: | 26cm | |
| 丛书名: | 计算机科学丛书 | |
| 单 册: | ||
| 中图分类: | O158 | |
| 科图分类: | ||
| 主题词: | 离散数学--li san shu xue | |
| 电子资源: | ||
| ISBN: | 7-111-15396-0 | |
| 000 | 01294nam 2200313 450 | |
| 001 | 0152739968 | |
| 005 | 20080303100447.95 | |
| 010 | @a7-111-15396-0@dCNY29.00 | |
| 100 | @a20060615d2005 km y0chiy0120 ea | |
| 101 | 1 | @achi@ceng |
| 102 | @aCN@b110000 | |
| 105 | @aa a 000yy | |
| 200 | 1 | @a离散数学导学@Ali san shu xue dao xue@d= Discrete mathematics by example@f(英) Andrew Simpson著@F(ying)Andrew Simpson zhu@g冯速译@Gfeng su yi@zeng |
| 210 | @a北京@c机械工业出版社@d2005.01 | |
| 215 | @a228页@c图@d26cm | |
| 225 | 2 | @a计算机科学丛书@Aji suan ji ke xue cong shu |
| 305 | @a据McGraw-Hill International(UK) Limited. 2002年英文版译出 | |
| 306 | @a由机械工业出版社和美国麦格劳-希尔教育 (亚洲) 出版公司合作出版 | |
| 314 | @a责任者规范汉译姓: 辛普森 | |
| 320 | @a有书目 (第227-228页)。 | |
| 330 | @a本书通过大量简单易懂的示例和练习,介绍了有关离散数学的基本概念与基础知识,主要内容包括:命题逻辑和谓词逻辑、类型集合论、布尔代数、关系、函数、序列、归纳法、图论、组合数学等。 | |
| 410 | 0 | @12001 @a计算机科学丛书 |
| 510 | 1 | @aDiscrete Mathematics by Example@zeng |
| 606 | 0 | @a离散数学@Ali san shu xue |
| 690 | @aO158@v4 | |
| 701 | 1 | @a辛普森,@AAndrew@bA.@g(Simpson, Andrew)@4著 |
| 702 | 0 | @a冯速@Afeng su@4译 |
| 801 | 0 | @aCN@bQSSK@c20080303 |
| 905 | @a10447@dO158@eX514 | |
| 离散数学导学= Discrete mathematics by example/(英) Andrew Simpson著/冯速译.-北京:机械工业出版社,2005.01 |
| 228页:图;26cm.-(计算机科学丛书) |
| ISBN 7-111-15396-0:CNY29.00 |
| 本书通过大量简单易懂的示例和练习,介绍了有关离散数学的基本概念与基础知识,主要内容包括:命题逻辑和谓词逻辑、类型集合论、布尔代数、关系、函数、序列、归纳法、图论、组合数学等。 |
| ● |
| 相关链接 |
|
|
|
正题名:离散数学导学
索取号:O158/X514
 
预约/预借
| 序号 | 登录号 | 条形码 | 馆藏地/架位号 | 状态 | 备注 |
| 1 | 478885 | 204788854 | 期刊室512/ [索取号:O158/X514] | 在馆 | |
| 2 | 587172 | 205871724 | 自科库401/401自科库 42排6列5层/ [索取号:O158/X514] | 在馆 | |
| 3 | 587173 | 205871733 | 自科库401/401自科库 42排6列5层/ [索取号:O158/X514] | 在馆 | |
| 4 | 587174 | 205871742 | 自科库401/401自科库 42排6列5层/ [索取号:O158/X514] | 在馆 |